Minecraft Animated Blocks - Sudden Death - Statistics

General Stats
  • This quiz has been taken 342 times
  • The average score is 4 of 15
Answers on the Grid
Answers color-coded by a green-red scale on the quiz's grid according to % correct below.
Bell
Chest
Furnace
Blast Furnace
Ender Chest
Redstone Ore
Redstone Torch
Torch
Stonecutter
Lantern
Magma Block
Sea Lantern
Prismarine
Conduit
Soul Lantern
Diamond Ore
Redstone Lantern
Lava Block
Fermented Spider Eye
Red Bed
Light Blue Bed
Glowstone
Cobblestone
Prismarine Crystal
Netherite Block
Baked Potato
Leather
Shears
Shield
Lightning Rod
 
Answer Stats
Answer % Correct
Furnace
39%
Blast Furnace
37%
Ender Chest
32%
Torch
31%
Magma Block
30%
Stonecutter
30%
Redstone Torch
29%
Chest
27%
Conduit
27%
Bell
26%
Redstone Ore
23%
Sea Lantern
23%
Lantern
18%
Prismarine
18%
Soul Lantern
16%
No matching quizzes found
Score Distribution
Percent of People with Each Score
Percentile by Number Answered
Your Score History
You have not taken this quiz